| 000 | 02432cam a22005294i 4500 | ||
|---|---|---|---|
| 003 | PE-LiUPU | ||
| 005 | 20250731184514.0 | ||
| 008 | s2015 miu rb 000 0 eng d | ||
| 020 | _a0802866050 | ||
| 020 | _a9780802866059 | ||
| 035 | _a(Sirsi) a166447 | ||
| 040 |
_aPE-LiUPU _bspa _cPE-LiUPU _erda |
||
| 049 | _aPRUA | ||
| 082 | 0 | 4 |
_a933.05092 _bK73 _223 |
| 100 | 1 |
_aKolman Marshak, Adam, _eautor. |
|
| 245 | 1 | 4 |
_aThe many faces of Herod the Great / _cAdam Kolman Marshak. |
| 264 | 1 |
_aGrand Rapids, Mich. : _bEerdmans, _c2015. |
|
| 300 |
_axxix, 400 páginas ; _c24 centimetros |
||
| 336 |
_atext _2rdacontent |
||
| 337 |
_aunmediated _2rdamedia |
||
| 338 |
_avolume _2rdacarrier |
||
| 504 | _aBibliografía : páginas 355-388 | ||
| 505 | 0 | 4 | _aCultural and intellectual milieu. Rome and its client kings ; Hellenistic monarchy in the Graeco-Roman world ; Judaean history from the Maccabees to Herod -- From Hasmonean to Antonian. Herod's rise to power (47-42 BCE) ; Herod and Antony (42-30 BCE) ; Herod the new Hasmonean -- Client king in an Augustan world. Herod the Augustan client king ; Bringing Judaea into the Roman sphere : Herod and Romanization ; Herod the Hellenistic king in an Augustan world ; Herod, Melekh HaYehudim ; Herod and the temple -- Conclusion : the political self-presentation of Herod the great. |
| 526 | _aP136 | ||
| 526 | _aP135 | ||
| 526 | _aP134 | ||
| 526 | _aP133 | ||
| 526 | _aP144 | ||
| 526 | _aP143 | ||
| 526 | _aP87 | ||
| 526 | _aP35 | ||
| 526 | _aP20 | ||
| 526 | _aP14 | ||
| 526 | _aP10 | ||
| 526 | _aP06 | ||
| 650 | 0 | 4 | _aRey y reglas |
| 910 |
_adbm _bncf _cncf _d20171227 |
||
| 942 |
_2ddc _cBOOK |
||
| 994 |
_aC0 _bPEPRU |
||
| 596 | _a1 | ||
| 999 |
_a933.05092 K73 _wLC _c15187 _i75561 _f2021-11-11 _g5 _lCCODEBUL1 _mBUL _p27.44 _r0 _sY _tBOOK _u2017-1-24 _xTEOLOGIA _PP85 _0COMPRA _o.STAFF. Colección Teología _d15187 |
||
| 999 |
_a933.05092 K73 _wLC _c2 _i77778 _f2021-11-11 _g4 _lCCODEBUL1 _mBUL _p21.00 _r0 _sY _tBOOK _u2017-12-27 _xTEOLOGIA _PP85 _0COMPRA _o.STAFF. Colección Teología |
||
| 999 |
_a933.05092 K73 _wLC _c3 _i77968 _f2021-11-11 _g4 _lCCODEBUL1 _mBUL _p42.00 _r0 _sY _tBOOK _u2018-1-8 _xTEOLOGIA _PP85 _0COMPRA _o.STAFF. Colección Teología |
||
| 980 |
_81 _gALBERTO SANCHEZ Responsable de Automatización |
||